| 000 | 00407nam a2200181Ia 4500 | ||
|---|---|---|---|
| 001 | 8712 | ||
| 003 | GE_BSU | ||
| 008 | 181216s||||||||xx |||||||||||||| ||und|| | ||
| 040 | _cGE_BSU | ||
| 245 | _aParis Match, du 9 AU 15 janvier №3373. 2014. | ||
| 245 | _b№3373 | ||
| 245 | _cdir.red. O.Royant. | ||
| 260 | _aParis | ||
| 260 | _c2014 | ||
| 300 | _a106p;29cm. | ||
| 653 | _aParis Match | ||
| 942 | _cCR | ||
| 999 |
_c42024 _d42024 |
||